Hematurie, vyšetrovací algoritmus, hodnocení vlastního souboru

Podrobná bibliografia
Hlavní autori: Broďák, Miloš (Autor), Hafuda, Abdulbasset (Autor)
Médium: Článok
Jazyk:čeština
Fyzický popis:Graf, tab.
ISSN:1335-3071
Predmet:

MARC

LEADER 00000nab a2200000 a 4500
001 vtls001494890
003 SK-MaSNL
005 20260304170938.0
008 050218c2003 xo g 0 cze
015 |a SNBCL2005/2 
040 |a SLKCL  |b slo  |c SNKBUCL  |e AACR2 
041 |a cze  |h cze 
044 |a xo  |c SK 
080 |a 616.634.15-07  |2 1981 
100 1 |a Broďák, Miloš  |u Urologická klinika FN a LF UK, Hradec Králové  |4 aut  |9 1175395 
245 1 0 |a Hematurie, vyšetrovací algoritmus, hodnocení vlastního souboru  |c Miloš Broďák, Abdulbasset Hafuda 
246 1 0 |a Hematuria, examining algorithm, evaluation of own data 
246 1 1 |a Hematuria, examining algorithm, evaluation of own data 
300 |b Graf, tab. 
504 |a Res. angl., čes. 
504 |a Bibliogr. odkazy 
650 0 7 |a hematúria  |x diagnostika  |2 MESH  |9 849194 
650 0 7 |a cystoskopia  |2 MESH  |9 908020 
650 0 7 |a ultrazvuk  |2 MESH  |9 15026 
650 0 7 |a nádory  |2 MESH  |9 15229 
650 0 7 |a choroby obličiek  |2 MESH  |9 20122 
650 0 7 |a štúdie retrospektívne  |2 MESH  |9 839232 
700 1 |a Hafuda, Abdulbasset  |4 aut  |u Urologická klinika FN a LF UK, Hradec Králové  |9 1498957 
773 0 |w SERIAL_GENERAL*000250*2003*003*003  |x 1335-3071  |t Urológia  |g Roč. 9, č. 3 2003), s. 10-13 
850 |a Slovenská lekárska knižnica v Bratislave  |a BA006 
852 |a BA006  |b KIS3GCP  |b 000500000 
999 |c 2990817  |d 2992747